[Event "2012 MI Open/Reserve "]
[Site "Troy, MI"]
[Date "2012.09.02"]
[Round "4"]
[White "Jones, G. Avery"]
[Black "Brasseur, Jacob"]
[Result "1-0"]
[WhiteElo "1430"]
[BlackElo "1502"]
[PlyCount "61"]
[EventDate "2012.09.02"]
[EventType "swiss"]
[EventRounds "7"]

1. d4 f5 2. Nc3 Nf6 3. Nf3 g6 4. e3 Bg7 5. Be2 O-O 6. O-O d6 7. Re1 Nc6 8. a3 e5 9. dxe5 dxe5 10. Qxd8 Rxd8 11. Ng5 e4 12. Bc4+ Kf8 13. Nb5 Ne5 14. Bb3 h6 15. Ne6+ Bxe6 16. Bxe6 c6 17. Nc7 Ke7 18. Ba2 Rac8 19. Ne6 Nh5 20. Nxd8 Rxd8 21. Rb1 Bf6 22. b4 Bh4 23. Bb2 Bxf2+ 24. Kxf2 Rd2+ 25. Re2 Ng4+ 26. Ke1 Rxe2+ 27. Kxe2 Nxh2 28. Be5 Ng4 29. Bb8 a6 30. Rd1 Ng3+ 31. Bxg3 1-0

[Event "2012 MI Open/Reservee"]
[Site "Troy, MI"]
[Date "2012.09.03"]
[Round "6"]
[White "Jones, G. Avery"]
[Black "Valente, Vince"]
[Result "0-1"]
[WhiteElo "1430"]
[BlackElo "1539"]
[PlyCount "138"]
[EventDate "2012.09.03"]
[EventType "swiss"]
[EventRounds "7"]

1. d4 b6 2. Nf3 Bb7 3. g3 Nf6 4. Bg2 e6 5. O-O Be7 6. Nc3 O-O 7. Re1 Ne4 8. Nxe4 Bxe4 9. c3 d6 10. Qb3 a5 11. a4 Nd7 12. Bf4 h6 13. Bh3 Bxf3 14. exf3 Bg5 15. Bxg5 Qxg5 16. Bg2 Qd8 17. Rad1 d5 18. f4 c6 19. Qc2 Qf6 20. b3 Rac8 21. Qd3 Rfd8 22. Re2 c5 23. Rde1 g6 24. Re3 c4 25. bxc4 Rxc4 26. Ra1 Rdc8 27. Ra3 h5 28. Bf1 Qe7 29. Rb3 Rxa4 30. Qd2 Ra3 31. Qc2 Rxb3 32. Qxb3 Qd6 33. Bb5 Nf6 34. f3 h4 35. Kf2 Kg7 36. Ba6 Rb8 37. Bb5 Rh8 38. Bf1 hxg3+ 39. hxg3 Rb8 40. Bb5 Rh8 41. Bf1 Ne8 42. Bg2 Qc7 43. Re1 Nd6 44. Rh1 Rxh1 45. Bxh1 Qc6 46. Bg2 Nb5 47. Qa4 Qc4 48. Qxc4 dxc4 49. Bf1 Nxc3 50. Bxc4 b5 51. Bd3 a4 52. Bc2 a3 53. Bb3 a2 54. Bxa2 Nxa2 55. Ke2 b4 56. Kd2 b3 57. g4 Kf6 58. Kd3 g5 59. Kd2 gxf4 60. Kd3 Kg5 61. Kd2 Kh4 62. d5 exd5 63. g5 Kg3 64. g6 fxg6 65. Ke2 b2 66. Kd2 b1=Q 67. Ke2 Qb2+ 68. Kd1 Nc3+ 69. Ke1 Qe2# 0-1

[Event "2012 MI Senior Championships"]
[Site "Flint, MI"]
[Date "2012.08.04"]
[Round "1"]
[White "Jarosz, Stanley"]
[Black "Rutkofske, Lonnie"]
[Result "1-0"]
[WhiteElo "1942"]
[BlackElo "1816"]
[Annotator "Doe,John"]
[PlyCount "99"]
[EventDate "2012.08.04"]
[EventType "swiss"]
[EventRounds "4"]

1. d4 Nf6 2. c4 c5 3. Nf3 g6 4. Nc3 Bg7 5. e4 O-O 6. Be2 cxd4 7. Nxd4 d6 8. Be3 Na6 9. O-O Nc5 10. f3 a6 11. Qd2 Ne6 12. Rfd1 Re8 13. Rac1 Qa5 14. Nxe6 fxe6 15. Nd5 Qxd2 16. Nxf6+ Bxf6 17. Rxd2 b6 18. b4 Rb8 19. c5 bxc5 20. bxc5 dxc5 21. Rxc5 Rb2 22. Rxb2 Bxb2 23. Bc4 Kf7 24. Rc6 Rd8 25. Bxa6 Bxa6 26. Rxa6 Rc8 27. Rb6 Ba3 28. Rb3 Bc1 29. a3 Rc2 30. Bxc1 Rxc1+ 31. Kf2 Rc2+ 32. Kg3 Ra2 33. h4 h6 34. f4 h5 35. Kf3 Kf6 36. g3 e5 37. Rb6+ e6 38. Ra6 Ra1 39. a4 Rf1+ 40. Ke2 Ra1 41. a5 Ra3 42. Ra8 Rxg3 43. a6 Ra3 44. a7 Kg7 45. fxe5 Kh7 46. Kd2 Kg7 47. Kc2 g5 48. hxg5 h4 49. Re8 h3 $4 {[Just a blunder plain and simple. 49...,Ra7, 50. Re6, h3 51. Rh6, h2 52.Kb2, Ra4 should draw.]} 50. a8=Q 1-0

[Event "2012 MI Senior Championships"]
[Site "Flint, MI"]
[Date "2012.08.04"]
[Round "2"]
[White "Rutkofske, Lonnie"]
[Black "Vandivier, Donald"]
[Result "1/2-1/2"]
[WhiteElo "1816"]
[BlackElo "1893"]
[Annotator "Doe,John"]
[PlyCount "67"]
[EventDate "2012.08.04"]
[EventType "swiss"]
[EventRounds "4"]

1. e4 c5 2. c4 Nc6 3. g3 d6 4. d3 g6 5. Nc3 Bg7 6. Nge2 Bg4 7. Bg2 Qd7 8. h3 Bxe2 9. Nxe2 e6 10. Rb1 Nge7 11. Be3 O-O 12. O-O b6 13. Qc1 $2 Rad8 14. a3 d5 15. Bh6 f5 16. Bxg7 Kxg7 17. f4 dxe4 18. dxe4 fxe4 19. Qc3+ Nd4 20. Rbd1 Kg8 21. Qe3 Nef5 22. Qxe4 {[Don pointed out that 22...Ne2+ 23.Qd2, Ng3 looks very exciting, but after 24.Qf3, things dont look as promising.]} Qf7 23. Kh2 Rd6 24. Rde1 Rfd8 25. Nc3 Kg7 $2 {[Again, both of us find ample ways to waste valuable tempi...]} 26. Qe5+ Qf6 $4 {[This loses the exchange to 27.Qf6+, Kf6 28. Ne4+!]} 27. Ne4 $4 {[It is obvious that both of us are playing too fast, since I return the favor!]} Qxe5 28. fxe5 R6d7 29. Nf6 Nc2 {[This is a nice shot, and gives Black the winning edge as he takes control of the d file. 30Nd7, Ne1 31.Re1, Rd7 32.Re2, Rd3 gives Black a great game.]} 30. Rc1 Rd2 31. Ne4 Re2 32. Rf2 Rxf2 33. Nxf2 Rd2 34. Ne4 {[Black has to settle for the repetition in order to save his knight.]} 1/2-1/2

[Event "2012 MI Senior Championships"]
[Site "Flint, MI"]
[Date "2012.08.05"]
[Round "3"]
[White "LaForge, Thomas"]
[Black "Rutkofske, Lonnie"]
[Result "0-1"]
[WhiteElo "1870"]
[BlackElo "1816"]
[PlyCount "139"]
[EventDate "2012.08.05"]
[EventType "swiss"]
[EventRounds "4"]

1. e4 d5 2. exd5 Nf6 3. d4 Nxd5 4. Nf3 g6 5. c4 Nf6 6. Nc3 Bg7 7. Be2 O-O 8. O-O c6 9. Be3 Nbd7 10. Qd2 Re8 11. Rfd1 Qa5 12. a3 Ng4 13. Bf4 e5 14. b4 Qc7 15. Bg3 Qd8 16. dxe5 Ngxe5 17. Nxe5 Bxe5 18. Bxe5 Rxe5 19. Bg4 Qc7 20. f4 Re8 21. Bxd7 Bxd7 22. Qxd7 Re1+ 23. Kf2 Qxd7 24. Rxd7 Rxa1 25. Rxb7 Rxa3 26. Ne4 Rd8 27. Nf6+ Kg7 28. Nd7 a5 29. bxa5 Rxa5 30. g4 Rda8 31. Ne5 Ra2+ 32. Ke3 R8a7 33. Rxa7 Rxa7 34. Nxc6 Rc7 35. Ne5 f6 36. Nf3 Rxc4 37. h4 Ra4 38. g5 Ra3+ 39. Kf2 f5 40. Ne5 h6 41. Kg2 Re3 42. Nf3 hxg5 43. hxg5 Kf7 44. Kf2 Re4 45. Kg3 Re6 46. Nd4 Re3+ 47. Nf3 Ke6 48. Kf2 Re4 49. Kg3 Kd5 50. Nh4 Re6 51. Kf3 Kd4 52. Ng2 Kd3 53. Nh4 Kd2 54. Ng2 Ra6 55. Nh4 Re6 56. Ng2 Re7 57. Nh4 Rg7 58. Kf2 Kd3 59. Kf3 Kd4 60. Ng2 Rh7 61. Kg3 Ke4 62. Ne1 Ke3 63. Nc2+ Ke4 64. Ne1 Rh1 65. Nc2 Rg1+ 66. Kf2 Rg4 67. Ne1 Kxf4 68. Nf3 Rxg5 69. Nxg5 Kxg5 70. Kg3 0-1

[Event "2012 MI Senior Championships"]
[Site "Flint, MI"]
[Date "2012.08.05"]
[Round "4"]
[White "Rutkofske, Lonnie"]
[Black "Grzegorczyk, Ron"]
[Result "1-0"]
[WhiteElo "1816"]
[BlackElo "1616"]
[PlyCount "107"]
[EventDate "2012.08.05"]
[EventType "swiss"]
[EventRounds "4"]

1. c4 g6 2. e4 Bg7 3. g3 e6 4. Nc3 Nc6 5. Bg2 Nge7 6. Nge2 O-O 7. O-O d6 8. Rb1 a6 9. a3 Rb8 10. b4 b5 11. cxb5 axb5 12. d4 Na7 13. Be3 d5 14. Rc1 c6 15. Qb3 Bb7 16. Nf4 Nac8 17. Nd3 Nd6 18. Bf4 Ra8 19. Nc5 Bc8 20. Bxd6 Qxd6 21. e5 Qd8 22. a4 Nf5 23. Rfd1 bxa4 24. N3xa4 Ba6 25. Nxa6 Rxa6 26. Bf1 Ra7 27. Rxc6 Qa8 28. Bb5 Qb8 29. Qd3 Nxd4 30. Rb6 Qc7 31. Qxd4 Bxe5 32. Qc5 Qd8 33. Rc6 Qb8 34. Rc1 Rb7 35. Rb6 Bd6 36. Qc6 Rxb6 37. Nxb6 Bxb4 38. Nd7 Qa7 39. Nxf8 Bxf8 40. Qc7 Qa3 41. Be8 Qf3 42. Qf4 Qxf4 43. gxf4 Bh6 44. Rc7 Bxf4 45. Rxf7 e5 46. Rd7 d4 47. Bf7+ Kg7 48. Bc4+ Kh6 49. Kg2 Bg5 50. Bg8 Bf4 51. Kf3 g5 52. Bxh7 Bxh2 53. Bf5 Bf4 54. Rh7# 1-0

[Event "2012 Motor City Open"]
[Site "Warren, MI"]
[Date "2012.11.24"]
[Round "?"]
[White "He, Harrison"]
[Black "Bedy, Noel"]
[Result "0-1"]
[WhiteElo "1643"]
[BlackElo "1485"]
[PlyCount "60"]
[EventDate "2012.11.24"]
[EventType "swiss"]
[EventRounds "5"]

1. d4 d5 2. Nf3 Nf6 3. c4 e6 4. e3 Be7 5. Bd3 O-O 6. Qc2 h6 7. Nbd2 Nbd7 8. Nb3 dxc4 9. Bxc4 c5 10. Bd2 b6 11. dxc5 Bxc5 12. Nbd4 Re8 13. O-O Bb7 14. Bd3 Rc8 15. Qd1 e5 16. Nb3 e4 17. Nxc5 Rxc5 18. Bb4 Rc8 19. Nd4 exd3 20. Nb5 a5 21. Ba3 Nc5 22. Nd4 Qd5 23. Qf3 Qxf3 24. Nxf3 Bxf3 25. gxf3 Rc6 26. Rfd1 Nfd7 27. Rac1 Ne5 28. f4 Rg6+ 29. Kh1 Ng4 30. Kg2 Nxe3+ 0-1

[Event "2012 Motor City Open"]
[Site "Warren,MI"]
[Date "2012.11.25"]
[Round "?"]
[White "Kulkarni, Soumya"]
[Black "Bedy, Noel"]
[Result "0-1"]
[WhiteElo "1161"]
[BlackElo "1485"]
[PlyCount "32"]
[EventDate "1012.11.25"]
[EventType "swiss"]
[EventRounds "5"]

1. e4 d5 2. exd5 Nf6 3. d4 Bg4 4. f3 Bf5 5. c4 e6 6. dxe6 Nc6 7. exf7+ Kxf7 8. d5 Nb4 9. Na3 Bc5 10. g4 Re8+ 11. Be2 Nxg4 12. fxg4 Nd3+ 13. Kf1 Qh4 14. Kg2 Be4+ 15. Nf3 Qxg4+ 16. Kf1 Qh3# 0-1

[Event "2012 PHCC Championships"]
[Site "?"]
[Date "2012.01.12"]
[Round "1"]
[White "Bedy, Noel"]
[Black "Fiedler, Robert"]
[Result "1-0"]
[WhiteElo "1603"]
[BlackElo "1725"]
[Annotator "Gregg,Alan"]
[PlyCount "33"]
[EventDate "2012.02.12"]

1. d4 d5 2. e4 {Noel likes sacking pawns for the attack} dxe4 3. Nc3 Nf6 4. f3 exf3 5. Nxf3 {black is a pawn up but now has to be very careful} e6 6. Bd3 Bd6 7. Bg5 Be7 {this is all wrong apart from the same piece moving twice black needs to get some pieces out} (7... h6) (7... Nc6 {either move is ok for black}) 8. O-O h6 9. Bf4 O-O 10. Qd2 Bd6 {The third time this bishop has move Bob has no idea what is going on white has every piece developed and never looked at what Noel was going to do} (10... Nc6) 11. Bxh6 {off course and white is now winning I dont believe black has any defence} gxh6 {losing move after this there is no way back} (11... Nd5 {stays in the game} 12. Rae1 {white is better}) 12. Qxh6 Nbd7 13. Ne5 Bxe5 (13... Nxe5 14. Rxf6 Re8 15. Bh7+ Kh8 16. Bg6+ Kg8 17. Bxf7+ Nxf7 18. Rg6#) 14. dxe5 Nxe5 15. Rxf6 Qd4+ 16. Kh1 Nxd3 17. Qg5+ {this is one of the best short games I have seen in a long time} 1-0

[Event "2012 PHCC Championships"]
[Site "?"]
[Date "2012.01.12"]
[Round "1"]
[White "Boucher, David"]
[Black "Rutkofske, Lonnie"]
[Result "0-1"]
[WhiteElo "1404"]
[BlackElo "1851"]
[Annotator "Gregg,Alan"]
[PlyCount "62"]
[EventDate "2012.01.12"]
[EventType "tourn"]
[EventRounds "9"]

1. e4 d5 2. exd5 Nf6 3. c4 g6 4. Nf3 Bg7 5. Be2 c6 6. dxc6 Nxc6 7. d4 O-O 8. O-O Bf5 9. a3 Ne4 10. d5 Ne5 11. Nxe5 Bxe5 12. Nd2 Qc7 13. Nf3 Bg7 14. Nd2 Nd6 15. Ra2 a6 16. b3 b5 17. Bb2 Bh6 18. g4 Bd7 19. h4 Bf4 20. g5 Bh3 21. Re1 Qb6 22. Nf3 Nf5 23. Bd4 Qd8 24. Qa1 f6 25. Bd3 Qd7 26. Bxf5 Qxf5 27. Nh2 fxg5 28. Rxe7 Rf7 29. Rae2 gxh4 30. Re8+ Rf8 31. Bh8 Qg5+ 0-1

[Event "2012 PHCC Championships"]
[Site "?"]
[Date "2012.01.12"]
[Round "1"]
[White "Ferguson, Gabe"]
[Black "Gregg, Alan"]
[Result "0-1"]
[WhiteElo "500"]
[BlackElo "1957"]
[Annotator "Gregg,Alan"]
[PlyCount "40"]
[EventDate "2012.01.12"]
[EventType "tourn"]
[EventRounds "9"]

1. e4 Nc6 2. Nc3 g6 3. Nf3 Bg7 4. Bc4 e6 5. O-O Nge7 6. d3 O-O 7. Bg5 h6 8. Be3 d5 9. exd5 exd5 10. Bb5 d4 11. Bxd4 Nxd4 12. Bc4 Nef5 13. g3 Nh4 14. gxh4 Qxh4 15. Nb5 Bh3 16. Kh1 Nxb5 17. Bxb5 c6 18. Bc4 Be5 19. Qe1 Qf4 20. Rg1 Qxh2+ 0-1

[Event "2012 PHCC Championships"]
[Site "?"]
[Date "2012.01.12"]
[Round "1"]
[White "Jones, G. Avery"]
[Black "Morabito, Matthew"]
[Result "1/2-1/2"]
[WhiteElo "1532"]
[BlackElo "1760"]
[Annotator "Gregg,Alan"]
[PlyCount "110"]
[EventDate "2012.01.12"]
[EventType "tourn"]
[EventRounds "9"]

1. d4 Nf6 2. Nf3 d6 3. Nc3 Nbd7 4. g3 g6 5. Bg2 Bg7 6. O-O O-O 7. e4 e5 8. Bg5 h6 9. Bc1 exd4 10. Nxd4 Re8 11. Re1 Ne5 12. Nce2 Bg4 13. f3 c5 14. fxg4 cxd4 15. h3 Nc4 16. Nxd4 Qb6 17. c3 Nxb2 18. Bxb2 Qxb2 19. Qd3 Nd7 20. Reb1 Nc5 21. Qc4 Qd2 22. Rd1 Qe3+ 23. Kh2 Nxe4 24. Rd3 Nd2 25. Rxe3 Nxc4 26. Rxe8+ Rxe8 27. Bxb7 Re3 28. Rf1 Rxc3 29. Ne2 Rc2 30. Bf3 Nd2 31. Kg2 Nxf1 32. Kxf1 Rxa2 33. Bd5 Kf8 34. Bxa2 Ke7 35. Nf4 Be5 36. Nd5+ Kd7 37. Kf2 a5 38. Kf3 f6 39. h4 Bd4 40. g5 hxg5 41. hxg5 fxg5 42. g4 a4 43. Bb1 a3 44. Nb4 Ke6 45. Bxg6 Bc5 46. Na2 Ke5 47. Ke2 Kd4 48. Bf7 Ke4 49. Be6 Kf4 50. Kd3 Ke5 51. Bf5 d5 52. Kc2 Kd4 53. Kb3 Ke3 54. Nc1 Kd2 55. Nd3 Bd6 1/2-1/2

[Event "2012 PHCC Championships"]
[Site "?"]
[Date "2012.01.12"]
[Round "1"]
[White "Wingrove, William"]
[Black "Nowiski, Adam"]
[Result "1-0"]
[WhiteElo "1726"]
[BlackElo "500"]
[Annotator "Gregg,Alan"]
[PlyCount "65"]
[EventDate "2012.01.12"]
[EventType "tourn"]
[EventRounds "9"]

1. e4 e5 2. Nf3 Nc6 3. Bb5 Nf6 4. O-O Bc5 5. Nc3 d6 6. h3 O-O 7. d3 Bb4 8. Bg5 Be6 9. Nd5 Nxd5 10. Bxd8 Nxd8 11. exd5 Bxd5 12. c4 Be6 13. Ng5 Bc5 14. Nxe6 Nxe6 15. a3 h6 16. Bd7 Nd4 17. b4 Bb6 18. Bg4 Nc6 19. Bf3 Bd4 20. Rb1 Ne7 21. Bxb7 Rab8 22. Be4 Bc3 23. Qa4 Bd4 24. Qd7 Rbd8 25. Qxe7 Bc3 26. Qxc7 a6 27. Qb6 Bd2 28. Qxa6 Rb8 29. Qxd6 Rbe8 30. b5 Rb8 31. Qxe5 Rbd8 32. Qf5 Rd4 33. Qh7# 1-0

[Event "2012 PHCC Championships"]
[Site "?"]
[Date "2012.01.19"]
[Round "2"]
[White "Fiedler, Robert"]
[Black "Jones, G. Avery"]
[Result "1-0"]
[WhiteElo "1725"]
[BlackElo "1532"]
[Annotator "gregg,Alan"]
[PlyCount "77"]
[EventDate "2012.01.12"]
[EventType "tourn"]
[EventRounds "9"]

1. d4 d5 2. c4 c6 3. Nc3 Nf6 4. Nf3 g6 5. Bg5 Bg7 6. e3 O-O 7. c5 Re8 8. Be2 Nbd7 9. O-O e5 10. b4 Qc7 11. Rc1 e4 12. Bf4 Qd8 13. Ne5 Nf8 14. Ng4 Nxg4 15. Bxg4 Ne6 16. Bxe6 Bxe6 17. f3 exf3 18. Qxf3 Qd7 19. Rf2 Bf5 20. a3 Be4 21. Nxe4 Rxe4 22. Rcf1 Rae8 23. g3 Qh3 24. Be5 Qe6 25. Bxg7 Kxg7 26. Qxf7+ Qxf7 27. Rxf7+ Kg8 28. Rxb7 R4e7 29. Rxe7 Rxe7 30. Rf6 Rc7 31. Rd6 Kf8 32. g4 g5 33. Kf2 Ke7 34. Kf3 Rc8 35. Ke2 Rc7 36. Kd3 a6 37. e4 dxe4+ 38. Kxe4 Kf7 39. Kf5 1-0

[Event "2012 PHCC Championships"]
[Site "?"]
[Date "2012.01.19"]
[Round "2"]
[White "Gregg, Alan"]
[Black "Boucher, David"]
[Result "1-0"]
[WhiteElo "1957"]
[BlackElo "1404"]
[Annotator "gregg,Alan"]
[PlyCount "41"]
[EventDate "2012.01.12"]
[EventType "tourn"]
[EventRounds "9"]

1. d4 d5 2. Nf3 b6 3. Bf4 Nf6 4. e3 Ba6 5. Bxa6 Nxa6 6. c4 c6 7. Ne5 Nb8 8. Nc3 e6 9. O-O Nfd7 10. cxd5 Nxe5 11. dxe5 cxd5 12. e4 d4 13. Qa4+ Qd7 14. Nb5 Nc6 15. Rac1 Rc8 16. Rfd1 d3 17. Rc3 Bc5 18. Rdxd3 Bd4 19. Rxd4 Nxd4 20. Rxc8+ Qxc8 21. Nd6+ 1-0

[Event "2012 PHCC Championships"]
[Site "?"]
[Date "2012.01.19"]
[Round "2"]
[White "Rutkofske, Lonnie"]
[Black "Bedy, Noel"]
[Result "1-0"]
[WhiteElo "1851"]
[BlackElo "1603"]
[Annotator "gregg,Alan"]
[PlyCount "87"]
[EventDate "2012.01.12"]
[EventType "tourn"]
[EventRounds "9"]

1. f4 e5 2. e4 d5 3. Qf3 Nc6 4. Bb5 dxe4 5. Bxc6+ bxc6 6. Qxe4 Nf6 7. Qxe5+ Be7 8. h3 O-O 9. Nc3 Re8 10. Nge2 Bb7 11. O-O Bd6 12. Qa5 Qd7 13. d4 c5 14. dxc5 Qc6 15. Rf3 Bxc5+ 16. Kh2 Bb6 17. Qg5 Ne4 18. Qg4 Qc4 19. f5 Qc6 20. Rf4 Nf6 21. Qf3 Bc5 22. Qxc6 Bxc6 23. Rc4 Bd6+ 24. Nf4 Bd7 25. g4 Re1 26. Kg2 Rae8 27. Nd3 R1e7 28. Bg5 Bc8 29. Bf4 Bb7+ 30. Kf2 Ba6 31. Ra4 Bxd3 32. cxd3 Bxf4 33. Rxf4 Rd7 34. Rf3 Red8 35. Ke2 a6 36. Rg1 Re8+ 37. Re3 Red8 38. Rgg3 c5 39. b3 Rd4 40. Re5 Nd7 41. Re4 Nb8 42. Rge3 h6 43. Re8+ Rxe8 44. Rxe8+ 1-0

[Event "2012 PHCC Championships"]
[Site "?"]
[Date "2012.01.26"]
[Round "3"]
[White "Bedy, Noel"]
[Black "Gregg, Alan"]
[Result "0-1"]
[WhiteElo "1603"]
[BlackElo "1957"]
[Annotator "gregg,Alan"]
[PlyCount "86"]
[EventDate "2012.01.12"]
[EventType "tourn"]
[EventRounds "9"]

1. e4 c5 2. d4 cxd4 3. c3 dxc3 4. Nxc3 Nc6 5. Nf3 e6 6. Bc4 d6 7. O-O a6 8. Qe2 Qc7 9. Bb3 Nf6 10. Rd1 Be7 11. Bf4 O-O 12. Rac1 Qb8 13. Be3 Nd7 14. Bc2 Nce5 15. Nd4 Nc6 16. Nf3 b5 17. Qd3 Nb4 18. Qe2 Nxc2 19. Rxc2 Bb7 20. Bg5 Bxg5 21. Nxg5 h6 22. Nh3 Nf6 23. Rdc1 d5 24. e5 Ne4 25. f4 Nxc3 26. Rxc3 Qa7+ 27. Kh1 Rac8 28. Ng1 Rc4 29. Rxc4 bxc4 30. Nf3 Rb8 31. Qd2 Qb6 32. Qc3 Bc8 33. Rc2 Bd7 34. Nd4 Qb4 35. Qe3 Ba4 36. Re2 Bb5 37. Rf2 Bd7 38. g4 Qa4 39. f5 Qd1+ 40. Kg2 Qxg4+ 41. Kh1 exf5 42. Rg2 Qe4 43. Qxh6 Qxg2+ 0-1

[Event "2012 PHCC Championships"]
[Site "?"]
[Date "2012.01.26"]
[Round "3"]
[White "Boucher, David"]
[Black "Ferguson, Gabe"]
[Result "1-0"]
[WhiteElo "1404"]
[BlackElo "500"]
[Annotator "gregg,Alan"]
[PlyCount "43"]
[EventDate "2012.01.12"]
[EventType "tourn"]
[EventRounds "9"]

1. e4 e5 2. Nf3 Nc6 3. Bc4 Nf6 4. d3 Bb4+ 5. c3 Bc5 6. O-O O-O 7. Bg5 d6 8. d4 exd4 9. cxd4 Nxd4 10. Nxd4 Be6 11. Nxe6 fxe6 12. Bxe6+ Kh8 13. Nc3 h6 14. Bh4 Qe7 15. Bf5 Qf7 16. a3 Rae8 17. b4 Bb6 18. Bxf6 Qxf6 19. Nd5 Qd4 20. Nxb6 Qxb6 21. Qd5 Rxe4 22. Bxe4 1-0

[Event "2012 PHCC Championships"]
[Site "?"]
[Date "2012.01.26"]
[Round "3"]
[White "Jones, G. Avery"]
[Black "Rutkofske, Lonnie"]
[Result "0-1"]
[WhiteElo "1532"]
[BlackElo "1851"]
[Annotator "gregg,Alan"]
[PlyCount "114"]
[EventDate "2012.01.12"]
[EventType "tourn"]
[EventRounds "9"]

1. d4 Nf6 2. Nf3 e6 3. Nc3 d6 4. g3 Nbd7 5. Bg2 Rb8 6. O-O Be7 7. Nb5 a6 8. Na7 O-O 9. Nxc8 Qxc8 10. c3 b5 11. Bg5 h6 12. Bc1 Rd8 13. Re1 c5 14. Qc2 d5 15. Bf4 Rb7 16. Rac1 Nh5 17. Be3 c4 18. Qd2 Bf8 19. Ne5 Nhf6 20. Bf3 a5 21. h3 Nxe5 22. dxe5 Nd7 23. Bd4 Qb8 24. Qe3 Be7 25. Bg2 Rc8 26. h4 Bc5 27. Qf4 Be7 28. Rcd1 b4 29. e4 Nc5 30. exd5 Nd3 31. Rxd3 cxd3 32. d6 Rd7 33. dxe7 Rxe7 34. Qd2 bxc3 35. bxc3 Qb5 36. Be4 Rb8 37. Bxd3 Qa4 38. Re2 Reb7 39. c4 Qd7 40. Qe3 Rb1+ 41. Bxb1 Rxb1+ 42. Kh2 Rd1 43. Rd2 Rf1 44. Bb6 Qc6 45. Rd8+ Kh7 46. Qd3+ g6 47. Qxf1 Qxb6 48. Rd2 Qc5 49. Qe2 a4 50. Kg1 Qa3 51. Rc2 Qc5 52. Rb2 Qd4 53. Rb5 Qa1+ 54. Kg2 Qd4 55. c5 Qd5+ 56. Kh2 Qc6 57. Qc4 Qf3 0-1

[Event "2012 PHCC Championships"]
[Site "?"]
[Date "2012.01.26"]
[Round "3"]
[White "Wingrove, William"]
[Black "Fiedler, Robert"]
[Result "1-0"]
[WhiteElo "1726"]
[BlackElo "1725"]
[Annotator "gregg,Alan"]
[PlyCount "107"]
[EventDate "2012.01.12"]
[EventType "tourn"]
[EventRounds "9"]

1. e4 c5 2. Nf3 d6 3. d4 cxd4 4. Nxd4 Nc6 5. Nc3 e6 6. Be2 Nxd4 7. Qxd4 Nf6 8. O-O e5 9. Qd3 Be7 10. Be3 O-O 11. Rad1 a6 12. a4 Be6 13. f4 Bg4 14. f5 Bxe2 15. Qxe2 Ne8 16. Rf3 Bg5 17. Nd5 Bxe3+ 18. Qxe3 Nf6 19. Kh1 Nxd5 20. Rxd5 Qf6 21. g4 g5 22. fxg6 Qxg6 23. Rf5 Kh8 24. Qf3 Rg8 25. h3 Rg7 26. Rf6 Qg5 27. Rdxd6 Qc1+ 28. Kg2 Qxc2+ 29. Kg3 Rf8 30. Rb6 Rd8 31. Kh4 Rd3 32. Qf2 Qc1 33. Rf3 Qg5+ 34. Kg3 Rd2 35. Qe3 Qxe3 36. Rxe3 Rd7 37. Reb3 h5 38. Rxb7 Rd4 39. R7b4 hxg4 40. hxg4 Rd6 41. Rb6 Rgg6 42. Rxd6 Rxd6 43. Re3 Rd4 44. b3 Kg7 45. g5 Kg6 46. Kg4 Rd2 47. Rg3 Rf2 48. Rf3 Rg2+ 49. Rg3 Rxg3+ 50. Kxg3 Kxg5 51. b4 f5 52. b5 fxe4 53. bxa6 e3 54. Kf3 1-0

[Event "2012 PHCC Championships"]
[Site "?"]
[Date "2012.02.02"]
[Round "4"]
[White "Fiedler, Robert"]
[Black "Morabito, Matthew"]
[Result "1/2-1/2"]
[WhiteElo "1760"]
[BlackElo "1725"]
[Annotator "gregg,Alan"]
[PlyCount "119"]
[EventDate "2012.01.12"]
[EventType "tourn"]
[EventRounds "9"]

1. e4 c5 2. Nf3 d6 3. Nc3 Nf6 4. Bc4 e6 5. d3 Be7 6. O-O Nc6 7. Bg5 a6 8. a3 h6 9. Bh4 g5 10. Bg3 b5 11. Ba2 Bb7 12. Re1 Nh5 13. e5 d5 14. h3 Nxg3 15. fxg3 Qc7 16. g4 d4 17. Nb1 O-O-O 18. c4 b4 19. axb4 Nxb4 20. Na3 Bc6 21. Nc2 Ba4 22. b3 Nxa2 23. Rxa2 Bxb3 24. Rxa6 Kd7 25. Qa1 Rb8 26. Na3 Qb7 27. Nb5 Ra8 28. Rxa8 Rxa8 29. Qb2 Ba4 30. Ra1 Bxb5 31. Rxa8 Qxa8 32. Qxb5+ Qc6 33. Qxc6+ Kxc6 34. Kf2 Kb6 35. Nd2 Ka5 36. Ne4 Kb4 37. Ke2 Kb3 38. Nd6 f6 39. Nf7 fxe5 40. Nxe5 Kc2 41. Nf7 Bf8 42. g3 Kc3 43. h4 Be7 44. Nxh6 gxh4 45. gxh4 Bxh4 46. Nf7 Bf6 47. g5 Bg7 48. g6 e5 49. Nd6 Kc2 50. Ne4 Bf8 51. Nxc5 Bxc5 52. g7 e4 53. g8=Q exd3+ 54. Kf3 d2 55. Qg2 Be7 56. Ke4 Bf6 57. Qe2 Kc1 58. c5 d1=Q 59. Qxd1+ Kxd1 60. Kd3 1/2-1/2

[Event "2012 PHCC Championships"]
[Site "?"]
[Date "2012.02.02"]
[Round "4"]
[White "Gregg, Alan"]
[Black "Jones, G. Avery"]
[Result "1-0"]
[WhiteElo "1957"]
[BlackElo "1532"]
[Annotator "gregg,Alan"]
[PlyCount "67"]
[EventDate "2012.01.12"]
[EventType "tourn"]
[EventRounds "9"]

1. e4 c6 2. d4 d5 3. e5 g6 4. Bd3 Bg7 5. f4 Nh6 6. Nf3 Bg4 7. O-O e6 8. c3 O-O 9. Be3 Nd7 10. Nbd2 Rc8 11. b4 b5 12. a4 a6 13. h3 Bf5 14. Be2 Nb6 15. a5 Nc4 16. Nxc4 dxc4 17. Ng5 Qd7 18. g4 Bd3 19. Bxd3 cxd3 20. Qxd3 Qd5 21. Ne4 f6 22. exf6 Bh8 23. Rae1 Nf7 24. Qc2 Nd6 25. Nxd6 Qxd6 26. g5 Rf7 27. Bc1 Qd5 28. Re5 Qd7 29. Qe4 h6 30. Qxg6+ Bg7 31. fxg7 Rxg7 32. Qxe6+ Qxe6 33. Rxe6 hxg5 34. fxg5 1-0

[Event "2012 PHCC Championships"]
[Site "?"]
[Date "2012.02.02"]
[Round "4"]
[White "Nowiski, Adam"]
[Black "Boucher, David"]
[Result "0-1"]
[WhiteElo "500"]
[BlackElo "1404"]
[Annotator "gregg,Alan"]
[PlyCount "54"]
[EventDate "2012.01.12"]
[EventType "tourn"]
[EventRounds "9"]

1. e4 e6 2. e5 c5 3. Nf3 Nc6 4. d4 cxd4 5. Nxd4 Nxe5 6. Bf4 Ng6 7. Bg3 d5 8. Nb5 e5 9. Be2 a6 10. N5c3 Nf6 11. Bf3 d4 12. Ne4 Bb4+ 13. Nbd2 O-O 14. Nxf6+ Qxf6 15. O-O Ra7 16. Ne4 Qe7 17. Bh5 Bf5 18. Re1 Bxe1 19. Qxe1 b5 20. Bxg6 Bxg6 21. Qd2 Bxe4 22. Qa5 f6 23. Qb6 Qb7 24. Qe6+ Kh8 25. Re1 Bxg2 26. Rd1 Bf1 27. Rd3 Qg2# 0-1